Súčasné výzvy ekonomiky Nórska bakalárska práca

Na minha lista:
Detalhes bibliográficos
Autor principal: Otrubová, Lenka
Autor Corporativo: Fakulta medzinárodných vzťahov EU. Katedra medzinárodných ekonomických vzťahov a hospodárskej diplomacie
Outros Autores: Baculáková, Kristína, 1988-
Formato: Livro
Idioma:eslovaco
Publicado em: Bratislava 2020
Tags: Adicionar Tag
Sem tags, seja o primeiro a adicionar uma tag!

MARC

LEADER 00000nbm a2200000 4500
001 0265739
005 20200910084430.6
041 0 |a slo 
044 |a SK 
245 1 0 |a Súčasné výzvy ekonomiky Nórska  |b bakalárska práca  |c Lenka Otrubová ; školiteľ: Kristína Baculáková 
264 1 |a Bratislava  |c 2020 
300 |a 51 s. 
100 1 |a Otrubová, Lenka 
700 1 |a Baculáková, Kristína, 1988- 
710 2 |a Fakulta medzinárodných vzťahov EU. Katedra medzinárodných ekonomických vzťahov a hospodárskej diplomacie